00000000nam 2200000za 4500
0019.676579
003CaOODSP
00520250109144352
007cr |||||||||||
008150407|2011||||xxc|||||o    f|0| 0 ger d
040 |aCaOODSP|beng
043 |an-cn---
0861 |aA15-11509/2011Ger-PDF|zA15-11509/2011D-PDF
1101 |aCanada. |bAgriculture and Agri-Food Canada.
24510|a[Canadian blueberries] : |h[electronic resource]|b[a true taste of nature].
2461 |aKanadische Blaubeeren - der Geschmack der natur
250 |a[German edition].
260 |aOttawa - Ontario : |bAgriculture and Agri-Food Canada |c[2011].
300 |a2p.
500 |aIssued also in English under title: Canadian blueberries: a true taste of nature.
546 |aText in German.
590 |a13-10-Supp|b2013-04-13
69007|aAgri-food industry|2gcpds
77508|tCanadian blueberries : |w(CaOODSP)9.695111
792 |t[Bleuets canadiens] : |efre|w(CaOODSP)9.676580
85640|ahttp://publications.gc.ca|qPDF|s821 KB|uhttps://publications.gc.ca/collections/collection_2013/aac-aafc/A15-11509-2011-ger.pdf